000 00991nmm a2200289 a 4500
001 ocm000924499
003 TR-IsHL
005 20201028145259.0
008 150110s2014 tu tur
007 cr cn
020 _a9786054921058
035 _a924499
_b(N$T)
050 0 4 _aPL65.K5
_bÇ36 2014
090 0 4 _aPL65.K5
_bÇ36 2014
100 1 _aÇankaya, Selahaddin
245 1 0 _aKırgız Sözlüğü: Kırgızca - Türkçe
_h[electronic resource] /
_cSelahaddin Çankaya
260 _aİstanbul :
_bBilge Kültür Sanat,
_c2014
300 _a661 s. ;
_c19 cm.
650 4 _aDil ve Edebiyat
650 4 _aLanguage and Literature
650 0 _aKırgız dili
_xSözlükler
650 0 _aKyrgyz language
_xDictionaries
650 0 _aKırgız dili
_xSözlükler
_xTürkçe
650 0 _aKyrgyz language
_xDictionaries
_xTurkish
650 7 _aREFERENCE / Dictionaries
_2bisacsh
856 4 0 _uhttp://search.ebscohost.com/login.aspx?direct=true&scope=site&db=e011xww&AN=924499
999 _c9870
_d9870